Представление документа в формате RUSMARC

ПолеНазваниеЗначение
  Тип записи a
  Библиографический уровень m
001 Контрольный номер RU/SLIB/B/208709048
005 Дата корректировки 20241024111502.8
010 Индекс ISBN __
a ISBN 5-88654-081-4
d Цена 340-00
101 Язык документа 0_
a Язык текста rus
c Язык оригинала rus
200 Заглавие и сведения об ответственности 1_
a Заглавие Поль Сезанн и русский авангард начала ХХ века
e Сведения, относящиеся к заглавию каталог
f Первые сведения об ответственности Гос. Эрмитаж, Гос. музей изобраз. искусств, Гос. Рус. музей ; науч. ред.: А. Г. Костеневич
b Общее обозначение материала Текст
210 Выходные данные 1_
a Место издания СПб.
c Издательство СЛАВИЯ
d Дата издания 1998
215 Физическое описание __
a Объем 248 с.
c Иллюстрации/тип воспроизводства ил.
330 Аннотация __
a Аннотация В этой книге собраны основные даты жизнедеятельности Поля Сезанна, а так же каталог произведений. Диалоги с Сезанном художников русского авангарда
600 Персоналии _1
a Персоналии (Фамилия) Куприн, А. В.
c Дополнение к имени живописец русский
f Даты 1880-1960
g Полное имя Александр Васильевич
600 Персоналии _1
a Персоналии (Фамилия) Лентулов, А. В.
c Дополнение к имени живописец русский
f Даты 1882-1943
g Полное имя Аристарх Васильевич
600 Персоналии _1
a Персоналии (Фамилия) Малевич, К. С.
c Дополнение к имени живописец русский
f Даты 1878-1935
g Полное имя Казимир Северинович
600 Персоналии _1
a Персоналии (Фамилия) Сезанн, П.
c Дополнение к имени живописец французский
f Даты 1839-1906
g Полное имя Поль
600 Персоналии _1
a Персоналии (Фамилия) Кончаловский, П. П.
c Дополнение к имени живописец русский
f Даты 1876-1956
g Полное имя Петр Петрович
600 Персоналии _1
a Персоналии (Фамилия) Машков, И. И.
c Дополнение к имени живописец русский
f Даты 1881-1944
g Полное имя Илья Иванович
600 Персоналии _1
a Персоналии (Фамилия) Фальк, Р. Р.
c Дополнение к имени живописец русский
f Даты 1886-1958
g Полное имя Роберт Рафаилович
600 Персоналии _1
a Персоналии (Фамилия) Татлин, В. Е.
c Дополнение к имени живописец русский
f Даты 1885-1953
g Полное имя Владимир Евграфович
600 Персоналии _1
a Персоналии (Фамилия) Ларионов М. Ф.
c Дополнение к имени живописец русский
f Даты 1881-1964
g Полное имя Михаил Федорович
606 Тематические рубрики __
a Основная рубрика Изобразительное искусство и архитектура
y Географическая подрубрика Россия; Франция
606 Тематические рубрики __
a Основная рубрика История живописи
610 Ключевые слова 0_
a Ключевые слова авангард; биографии; живописцы; кубизм; кубофутуризм; русский авангард; художники; русские художники; французские художники; постимпрессионизм
686 Индексы других классификаций __
2 Код системы rubbks
a Классификационный индекс 85.143(4Фра)53-8л612
686 Индексы других классификаций __
a Классификационный индекс 85.143(2)6л612
702 Вторичная интеллектуальная ответственность _1
a Фамилия Костеневич
b Имя А. Г.
4 Код отношения Редактор
4 Код отношения 340
801 Источник записи _0
a Страна RU
b Организация Муниципальное бюджетное учреждение культуры "Централизованная библиотечная система" г. Сургут (Центральная городская библиотека им. А. С. Пушкина)
g Правила каталогизации ОБ/Бутенко
801 Источник записи _1
a Страна RU
b Организация Муниципальное бюджетное учреждение культуры "Централизованная библиотечная система" г. Сургут (Центральная городская библиотека им. А. С. Пушкина)
g Правила каталогизации ОБ/Бутенко
852 Данные о местонахождении __
j Шифр хранения 85.143(4Фра)53-8л612
c Каталожный индекс 85.143(4Фра)-8л6; 85.143(2)6
i Авторский знак С 28
p Инвентарный номер 76284
901 Тип документа __
t Тип документа m
903 Характеристики (МАРС) __
a Дата передачи 20010627; 20000621
969 Тип издания __
a Тип издания каталог
990 Данные о заказе (DOS) 00
j Количество экземпляров (DOS) 1; 1
t N записи в КСУ для И/У (DOS) 200106; 200001